Statistical analysis of epidemiologic data

Αποθηκεύτηκε σε:
Λεπτομέρειες βιβλιογραφικής εγγραφής
Κύριος συγγραφέας: Selvin, S.
Μορφή: Βιβλίο
Γλώσσα:English
Δημοσίευση: Oxford : Oxford University Press, 2004
Έκδοση:3rd ed.
Σειρά:Monographs in epidemiology and biostatistics ; ; 35
Θέματα:
Ετικέτες: Προσθήκη ετικέτας
Δεν υπάρχουν, Καταχωρήστε ετικέτα πρώτοι!

MARC

LEADER 00000nam a2200000 i 4500
001 1/70257
008 080114s2004 eng d
020 |a 0-19-517280-9 
035 |l 10093632 
040 |a GR-MY-UA  |b gre  |e aacr 
041 0 |a eng 
082 0 |a 614.40727  |2 (22) 
100 1 |a Selvin, S. 
245 1 0 |a Statistical analysis of epidemiologic data /  |c Steve Selvin 
250 |a 3rd ed. 
260 |a Oxford :   |b Oxford University Press,   |c 2004 
300 |a xiv, 492 σ.;  |b εικ.;  |c 24 εκ. 
490 1 |a Monographs in epidemiology and biostatistics  |v ; 35 
504 |a Περιέχει βιβλιογραφικές παραπομπές (σ. 479-485) και ευρετήριο 
650 0 0 |a Epidemiology  |x Statistical methods. 
830 0 |a Monographs in epidemiology and biostatistics ;  |v ; 35 
852 |a INST  |b LESVOS  |e 20080114  |h 614.40727 SEL  |p 005100040313  |q 005100040313  |t BK  |y 0 
901 |a BIBL1-2008-1 
909 |a Λ  |b 142567 
922 |a 1ΕΛΗ  |b 200712  |c ΕΠΕΑΕΚ2/ΤΕΘ  |d ΕΛΕΥΘΕΡΟΥΔΑΚΗΣ 
970 |a ΚΑΡΑ  |b ΓΙΑΣΕΜΗ  |z 2008/01/14